Examen histórico-filosófico de la legislación española, con arreglo a las esplicaciones del doctor D. Juan Manuel Montalván, catedrático de 5º año de Jurisprudencia en la Universidad de Madrid / (Record no. 152196)

MARC details
000 -LEADER
campo de control de longitud fija 01291nam a22002895i 4500
001 - NÚMERO DE CONTROL
campo de control 152196
003 - IDENTIFICADOR DE NÚMERO DE CONTROL
campo de control ES-MaACL
005 - FECHA Y HORA DE LA ÚLTIMA TRANSACCIÓN
campo de control 20250827093352.0
008 - DATOS DE LONGITUD FIJA--INFORMACIÓN GENERAL
campo de control de longitud fija 970917m18451846sp |||| | spa d
040 ## - FUENTE DE CATALOGACIÓN
Centro catalogador/agencia de origen CAM
Lengua de catalogación spa
Centro/agencia transcriptor CAM
080 ## - NÚMERO DE LA CLASIFICACIÓN DECIMAL UNIVERSAL
Número de la Clasificación Decimal Universal 340.13(460)(091)
100 1# - ENTRADA PRINCIPAL--NOMBRE DE PERSONA
Nombre de persona Blanco, Pedro Nolasco.
9 (RLIN) 29200
Término indicativo de función/relación Autor
245 10 - MENCIÓN DEL TÍTULO
Título Examen histórico-filosófico de la legislación española, con arreglo a las esplicaciones del doctor D. Juan Manuel Montalván, catedrático de 5º año de Jurisprudencia en la Universidad de Madrid /
Mención de responsabilidad, etc. por los bachilleres en Derecho, Pedro Nolasco Blanco y Mamerto Díez.
260 ## - PUBLICACIÓN, DISTRIBUCIÓN, ETC.
Lugar de publicación, distribución, etc. Madrid :
Nombre del editor, distribuidor, etc. Imp. de Marcos Bueno,
Fecha de publicación, distribución, etc. 1845-1846
300 ## - DESCRIPCIÓN FÍSICA
Extensión 2 volúmenes ;
Dimensiones 19 cm.
530 ## - NOTA DISPONIBLE DE FORMULARIO FÍSICO ADICIONAL
Nota de formato físico adicional disponible Disponible en formato digital
596 ## - NOTA AL PIE DE IMPRENTA
NOTA AL PIE DE IMPRENTA En el v. II consta Imprenta de Manuel Álvarez
597 ## - NOTA DE DESCRIPCIÓN FÍSICA
NOTA DE DESCRIPCIÓN FÍSICA Vol. I: 380, [4] p.; Vol. II: 349, [2] p.
650 #4 - PUNTO DE ACCESO ADICIONAL DE MATERIA--TÉRMINO DE MATERIA
Término de materia o nombre geográfico como elemento de entrada Leyes-
Subdivisión geográfica España
9 (RLIN) 14381
700 1# - ENTRADA AGREGADA--NOMBRE PERSONAL
Nombre de persona Díez, Mamerto.
9 (RLIN) 44660
Término indicativo de función/relación Autor
700 1# - ENTRADA AGREGADA--NOMBRE PERSONAL
Nombre de persona Montalbán, Juan Manuel,
Término indicativo de función/relación Autor
9 (RLIN) 82337
Fechas asociadas al nombre 1806-1889
852 ## - LOCALIZACIÓN
Ubicación ES-MaACL
Ubicación en estantería Sala Valle Inclán
Número de control de estantería D-2143-44
Partes que faltan Falta el v. 3
856 ## - LOCALIZACIÓN Y ACCESO ELECTRÓNICOS
Identificador Uniforme de Recursos <a href="https://bdh-rd.bne.es/viewer.vm?id=0000146079&page=1">https://bdh-rd.bne.es/viewer.vm?id=0000146079&page=1</a>
Texto de enlace Versión en línea
Nota pública (Biblioteca Digital Hispánica)
942 ## - ELEMENTOS DE ENTRADA SECUNDARIOS (KOHA)
Fuente del sistema de clasificación o colocación Clasificación decimal universal
Tipo de ítem Koha Libro impreso antiguo
Suprimir en OPAC No
Holdings
Estatus retirado Estado de pérdida Fuente del sistema de clasificación o colocación Estado de daño No para préstamo Colección Biblioteca de origen Biblioteca actual Ubicación en estantería Fecha de adquisición Total de préstamos Signatura topográfica completa Código de barras Visto por última vez Tipo de ítem Koha
    Clasificación decimal universal     Libros del s. XIX Biblioteca del Ateneo de Madrid Biblioteca del Ateneo de Madrid Sala Valle Inclán 17/01/2008   D-2143-44 901158891 23/02/2023 Libro impreso antiguo